000 00598nam a2200205 4500
003 OSt
005 20260302045547.0
006 a
008 240703b |||||||| |||| 00| 0 eng d
020 _a9710865110
040 _aDWCL-Main lib.
_cOC
082 _aFil. 370 Z94f 2004
100 _aZulueta, Francisco M.
245 _aFoundations of education /
260 _aMandaluyong City :
_bNational Book Store,
_cc2004.
300 _axviii,
_b458 p. : ill. ;
_c22 cm.
504 _a1. Includes bibliographical references and index.
650 _a1. Education.
942 _2ddc
_n0
_cBK - FIL
_kFil.
999 _c1879
_d1879